Loading...
| History - American History | 0 | 3 | 0 | 2 | 30 | 62 | 101.33 | 0 | 0 |
| History - World History | 0 | 2 | 0 | 0 | 20 | 119 | 121.50 | 0 | 0 |
| Literature - British Literature | 0 | 2 | 1 | 1 | 15 | 80 | 109.00 | 0 | 2 |
| History - Other History | 0 | 2 | 1 | 0 | 15 | 39 | 66.50 | 1 | 1 |
| Fine Arts - Other Fine Arts | 0 | 1 | 1 | 0 | 5 | 69 | 69.00 | 1 | 1 |
| Literature - American Literature | 0 | 1 | 1 | 0 | 5 | 129 | 129.00 | 0 | 0 |
| Philosophy | 0 | 1 | 1 | 0 | 5 | 101 | 101.00 | 0 | 0 |
| Religion | 0 | 1 | 2 | 1 | 0 | 133 | 133.00 | 0 | 0 |
| History - European History | 0 | 0 | 0 | 0 | 0 | 0.00 | 0 | 0 | |
| Literature - European Literature | 0 | 0 | 1 | 0 | -5 | 0.00 | 0 | 0 | |
| Other Academic | 0 | 0 | 1 | 0 | -5 | 0.00 | 0 | 0 | |
| Social Science | 0 | 0 | 1 | 0 | -5 | 0.00 | 0 | 0 |